Colloids in cosmetics and personal care / (Record no. 20084)
[ view plain ]
| 000 -LEADER | |
|---|---|
| fixed length control field | 01028cam a22003015a 4500 |
| 001 - CONTROL NUMBER | |
| control field | 014057777 |
| 003 - CONTROL NUMBER IDENTIFIER | |
| control field | OSt |
| 005 - DATE AND TIME OF LATEST TRANSACTION | |
| control field | 20240818093000.0 |
| 008 - FIXED-LENGTH DATA ELEMENTS--GENERAL INFORMATION | |
| fixed length control field | 070925t2008 gw a frb 001 0 eng d |
| 020 ## - INTERNATIONAL STANDARD BOOK NUMBER | |
| International Standard Book Number | 9783527314645 (hbk.) |
| 020 ## - INTERNATIONAL STANDARD BOOK NUMBER | |
| International Standard Book Number | 3527314644 (hbk.) |
| 040 ## - CATALOGING SOURCE | |
| Original cataloging agency | StDuBDS |
| Language of cataloging | eng |
| Transcribing agency | StDuBDS |
| Modifying agency | Uk |
| -- | EG-ScBUE |
| 082 04 - DEWEY DECIMAL CLASSIFICATION NUMBER | |
| Classification number | 541.345 |
| Item number | COL |
| Edition number | 22 |
| 245 00 - TITLE STATEMENT | |
| Title | Colloids in cosmetics and personal care / |
| Statement of responsibility, etc | edited by Tharwat F. Tadros. |
| 260 ## - PUBLICATION, DISTRIBUTION, ETC. (IMPRINT) | |
| Place of publication, distribution, etc | Weinheim : |
| Name of publisher, distributor, etc | Wiley-VCH Verlag GmbH & Co. KGaA, |
| Date of publication, distribution, etc | c.2008. |
| 300 ## - PHYSICAL DESCRIPTION | |
| Extent | xvi, 321 p. : |
| Other physical details | ill. ; |
| Dimensions | 25 cm. |
| 336 ## - | |
| -- | rdacontent |
| -- | text |
| -- | txt |
| 337 ## - | |
| -- | unmediated |
| -- | rdamedia |
| -- | n |
| 338 ## - | |
| -- | volume |
| -- | nc |
| -- | rdacarrier |
| 490 0# - SERIES STATEMENT | |
| Series statement | Colloids and interface science series ; |
| Volume number/sequential designation | vol. 4 |
| 504 ## - BIBLIOGRAPHY, ETC. NOTE | |
| Bibliography, etc | Includes bibliographical references and indexes. |
| 650 #0 - SUBJECT ADDED ENTRY--TOPICAL TERM | |
| Topical term or geographic name as entry element | Colloids. |
| Source of heading or term | BUEsh |
| 9 (RLIN) | 7422 |
| 650 #0 - SUBJECT ADDED ENTRY--TOPICAL TERM | |
| Topical term or geographic name as entry element | Cosmetics. |
| Source of heading or term | BUEsh |
| 651 ## - SUBJECT ADDED ENTRY--GEOGRAPHIC NAME | |
| Source of heading or term | BUEsh |
| 653 ## - INDEX TERM--UNCONTROLLED | |
| Resource For college | Engineering, General |
| Arrived date list | June2015 |
| -- | September2015 |
| 700 1# - ADDED ENTRY--PERSONAL NAME | |
| Personal name | Tadros, Tharwat F., |
| Dates associated with a name | 1937- |
| Relator term | editor. |
| 942 ## - ADDED ENTRY ELEMENTS (KOHA) | |
| Source of classification or shelving scheme | Dewey Decimal Classification |
| Call number prefix | 541.345 COL |
| Classification part | RDA-MOD |
| Withdrawn status | Lost status | Source of classification or shelving scheme | Damaged status | Not for loan | Home library | Current library | Shelving location | Date acquired | Source of acquisition | Cost, normal purchase price | Serial Enumeration / chronology | Total Checkouts | Full call number | Barcode | Checked out | Date last seen | Date last borrowed | Cost, replacement price | Koha item type |
|---|---|---|---|---|---|---|---|---|---|---|---|---|---|---|---|---|---|---|---|
| Dewey Decimal Classification | Central Library | Central Library | First floor | 06/09/2015 | Purchase | 650.00 | 1091 | 1 | 541.345 COL | 000039318 | 22/09/2019 | 15/07/2019 | 15/07/2019 | 813.00 | Book - Borrowing |